• 首页
  • 本馆介绍
  • 公告通知
  • 最新文献
  • 馆藏检索
  • 电子资源
  • 读者导购
  • 参考咨询
  • 我的图书馆
  • 登录
  • 详细信息显示
  • 放入我的书架
  • 预约/预借图书
  • 作者相关作品
  • 分类相关作品
  • 丛书相关作品
  • 出版社相关作品

书目信息

  • 表格格式
  • 工作单格式
  • 卡片格式
题名:
C语言学习笔记
    
 
作者: 薛小龙 编著
分册:  
出版信息: 北京   中国铁道出版社有限公司  2023
页数: 15,400页
开本: 26cm
丛书名:
单 册:
中图分类: TP312.8C , TP312.8
科图分类:
主题词: C语言--程序设计
电子资源:
ISBN: 978-7-113-29855-5
000 00844nam0 2200241 450
001 2365385846
005 20231106181014.19
010    @a978-7-113-29855-5@dCNY99.80
100    @a20230506d2023 em y0chiy50 ea
101 0  @achi
102    @aCN@b110000
105    @aa z 000yy
200 1  @aC语言学习笔记@9C yu yan xue xi bi ji@e从入门到实战@f薛小龙编著
210    @a北京@c中国铁道出版社有限公司@d2023
215    @a15,400页@c图@d26cm
300    @aIT技术 C语言
330    @a本书以学习笔记的形式讲解了使用C语言的核心知识,并通过具体实例的实现过程讲解了各个知识点的使用方法和流程。全书针对每一个知识点均搭配典型案例讲解和视频,以极简的文字介绍了复杂的案例。
606 0  @aC语言@x程序设计
690    @aTP312.8C@v5
690    @aTP312.8@v4
701  0 @a薛小龙@9xue xiao long@4编著
801  0 @aCN@b91MARC@c20230603
905    @aBZT@dTP312.8@e28
    
    C语言学习笔记:从入门到实战/薛小龙编著.-北京:中国铁道出版社有限公司,2023
    15,400页:图;26cm
    IT技术 C语言
    
    ISBN 978-7-113-29855-5:CNY99.80
    本书以学习笔记的形式讲解了使用C语言的核心知识,并通过具体实例的实现过程讲解了各个知识点的使用方法和流程。全书针对每一个知识点均搭配典型案例讲解和视频,以极简的文字介绍了复杂的案例。
●
相关链接 在五车中查询图书 在当当中查询图书 在豆瓣中查询图书


正题名:C语言学习笔记     索取号:TP312.8/28         预约/预借

序号 登录号 条形码 馆藏地/架位号 状态 备注
1 2000949227   2000949227   安徽/安徽时代(第一批)/782/ [索取号:TP312.8/28] 在馆    
2 2000949228   2000949228   安徽/安徽时代(第一批)/782/ [索取号:TP312.8/28] 在馆    
3 2000949229   2000949229   安徽/安徽时代(第一批)/782/ [索取号:TP312.8/28] 在馆    
4 2000949230   2000949230   安徽/安徽时代(第一批)/782/ [索取号:TP312.8/28] 在馆    
5 2000949231   2000949231   安徽/安徽时代(第一批)/782/ [索取号:TP312.8/28] 在馆    
6 2000949232   2000949232   安徽/安徽时代(第一批)/782/ [索取号:TP312.8/28] 在馆    
山东省滨州职业学院图书馆 欢迎您!
大连网信软件有限公司© 版权所有